| 000 | 00967nas a2200313 4500 | ||
|---|---|---|---|
| 001 | BR8600541 | ||
| 003 | BR-BrBNA | ||
| 005 | 20231205090330.0 | ||
| 007 | ta | ||
| 008 | 230509b bl.|||p| |||| 00| 00por d | ||
| 040 |
_aBR-BrBNA _bpor _cBiblioteca Nacional de Agricultura |
||
| 041 | _a(Pt) | ||
| 072 | _aL02; Q54 | ||
| 100 | 1 | _aSilva, P.C. da | |
| 100 | 1 | _aRostagno, H.S. | |
| 100 | 1 | _aFonseca, J.B. | |
| 100 | 1 | _aSilva, M. de A. e | |
| 100 | 1 | _aSoares, P.R. | |
| 245 | 1 | _aNiveis de metionina, lisina e energia em racoes finais para frangos de corte | |
| 246 | 1 | _a[Methionine lysine and energy levels in final rations for broilers] | |
| 650 | _aFRANGO DE CORTE | ||
| 650 | _aRACAO | ||
| 650 | _aMETIONINA | ||
| 650 | _aLISINA | ||
| 650 | _aENERGIA | ||
| 773 | 0 |
_tRevista da Sociedade Brasileira de Zootecnia (Brazil) _xISSN 0100-4859 _g(1985), v. 14(2) p. 159-166 _wBR8600541 |
|
| 909 |
_a202311 _bLúcia _c55 _dLúcia Elande |
||
| 942 |
_2AGRIS _n0 _cANA |
||
| 999 |
_c117678 _d117678 |
||